| 000 | 00479nam a22001817a 4500 | ||
|---|---|---|---|
| 003 | LK-CoDNM | ||
| 005 | 20251227114427.0 | ||
| 008 | 251227b |||||||| |||| 00| 0 eng d | ||
| 020 | _a9789559776031 | ||
| 040 |
_aLK-CoDNM _dLK-CoDNM _eLK-CoDNM |
||
| 041 | _asin | ||
| 080 |
_aX8C31 _bGAM |
||
| 100 | _aගමගේ,ගංගා ෂයිනි | ||
| 245 | _aසීතල මාරුත | ||
| 260 |
_akiriwanthuduwa _bmoon light _c2024 |
||
| 300 | _a416p,21cm | ||
| 942 | _cBK | ||
| 999 |
_c240483 _d240483 |
||